000 00605nam a2200205Ia 4500
003 OSt
005 20250129135207.0
008 210210b1966 xxu||||| |||| 00| 0 eng d
040 _cAL
041 _aKannada
082 _aK894.3 SIDR
100 _aSIDDAVANAHALLI KRASHNASHARMA.
_9149878
_dಸಿದ್ಧವನಹಳ್ಳಿ ಕೃಷ್ಣಶರ್ಮ
245 _aRamavatara.Bhaga 3
_bರಾಮಾವತಾರ ಭಾಗ ೩
260 _aBengaluru
_bGandhi Sahitya Sanga
_c1966
300 _a511
440 _a3
_9149879
690 _aKannada Fiction
_9149880
906 _a028636
942 _2ddc
_cBK
999 _c79875
_d79875